000 00294nam a22001217a 4500
008 180803b xxu||||| |||| 00| 0 eng d
082 _a813.52
245 _aNorton Recorded Anthology of Western Music
_cNaxos
260 _c2010
300 _a5
_fCD
440 _x9780393133105
942 _2ddc
_cMX
999 _c46769
_d46769